| 000 | 00561pam a2200217 a 4500 | ||
|---|---|---|---|
| 001 | 4296526 | ||
| 005 | 20180214085002.0 | ||
| 008 | 860519s1987 njua b 001 0 eng | ||
| 010 | _a 86012393 | ||
| 020 | _a0132161028 | ||
| 040 |
_aDLC _cDLC _dDLC |
||
| 041 | _aeng | ||
| 080 | _a629.8312 OGA | ||
| 082 | 0 | 0 |
_a629.8312 OGA _219 |
| 100 | 1 | _a27 | |
| 101 | _aIM | ||
| 245 | 1 | 0 |
_aDiscrete-time control systems / _cKatsuhiko Ogata. |
| 504 | _aIncludes bibliographies and index. | ||
| 906 |
_a7 _bcbc _corignew _d1 _eocip _f19 _gy-gencatlg |
||
| 942 |
_2ddc _cBK |
||
| 999 |
_c42532 _d42532 |
||